[Event "Hessen-ch Gr-D 64th"]
[Site "Bad Vilbel"]
[Date "2010.04.03"]
[Round "3"]
[White "Traut, Stefan"]
[Black "Kilian, Peter"]
[Result "1/2-1/2"]
[WhiteElo "1825"]
[BlackElo "1663"]
[PlyCount "52"]
[EventDate "2010.03.31"]
[EventType "swiss"]
[EventRounds "5"]
[EventCountry "GER"]
[SourceTitle "EXT 2011"]
[Source "ChessBase"]
[SourceDate "2010.11.26"]
[SourceVersion "1"]
[SourceVersionDate "2010.11.26"]
[SourceQuality "1"]

1. d4 Nf6 2. Nf3 e6 3. c4 d5 4. g3 c6 5. Qc2 Nbd7 6. Bg2 Be7 7. 0-0 0-0 8. Nbd2 Re8 9. e4 dxe4 10. Nxe4 Nxe4 11. Qxe4 Nf6 12. Qe2 a5 13. Bf4 Nh5 14. Be3 Nf6 15. Bf4 Bd6 16. Ne5 Bf8 17. Rfd1 Nd7 18. h4 Nxe5 19. dxe5 Qc7 20. Bd2 b6 21. Bc3 Bb7 22. Rd2 Rad8 23. Rad1 Be7 24. b3 Rxd2 25. Rxd2 Rd8 26. Qd1 Rxd2 1/2-1/2